Premios nacionales de literatura

Bewaard in:
Bibliografische gegevens
Coauteur: Fundación Nacional de la Cultura (Auteur)
Formaat: Boek
Taal:Spaans
Gepubliceerd in: Santiago Fundación Nacional de la Cultura 1983
Onderwerpen:
Tags: Voeg label toe
Geen labels, Wees de eerste die dit record labelt!

MARC

LEADER 00000nam a2200000 a 4500
001 UCR6826
003 CL-VaPUC
008 980423e19830000CL |||||||||||||||||spa|d
082 0 4 |a 928.983  |b FUN  |2 21 
110 2 |a Fundación Nacional de la Cultura  |e author  |9 407990 
245 1 0 |a Premios nacionales de literatura 
300 |a 90 p 
942 |c BK 
945 |d 19980423 00:00:00  |a lriquelm 
260 |a Santiago  |b Fundación Nacional de la Cultura  |c 1983 
650 7 |a PREMIOS LITERARIOS  |2 CL-VaPUC  |9 316857 
650 0 |a Literatos  |9 313115 
650 7 |a BIOGRAFIAS SIGLO 20  |2 CL-VaPUC  |9 268648 
651 7 |a CHILE  |2 CL-VaPUC  |9 407991 
583 |a last modification  |c 19980423 00:00:00  |k Rodrigo Vera 
999 |c 268731  |d 268729 
952 |0 0  |1 0  |4 0  |6 928_983000000000000_FUN_1983  |7 0  |8 X  |9 302015  |a BIBEDU  |b BIBEDU  |d 2019-11-20  |i 1983490  |o 928.983 FUN 1983  |p 1983490  |r 2023-01-13  |w 2019-11-20  |y BK_X  |k LIT